00338pab a2200133 454500008004000000100001700040245004500057260000900102300001500111362001400126650001900140650001100159773003400170180718b1998 xxu||||| |||| 00| 0 eng d aKarnik, Ajit aBudget 1998-99: focusing on wrong issues c1998 ap.2001-006 a18-24 Jul aBudget - India aBudget aEconomic and Political Weekly